Matemáticas aplicadas (Registro nro. 35)
[ vista simple ]
| 000 -LEADER | |
|---|---|
| fixed length control field | 01323 a2200241 4500 |
| 001 - CONTROL NUMBER | |
| control field | 44 |
| 005 - DATE AND TIME OF LATEST TRANSACTION | |
| control field | 20260407155405.0 |
| 008 - FIXED-LENGTH DATA ELEMENTS--GENERAL INFORMATION | |
| fixed length control field | 260407a2002 arg spa d |
| 003 - CONTROL NUMBER IDENTIFIER | |
| control field | AR-UNSa-BCEJYS |
| 040 ## - CATALOGING SOURCE | |
| Original cataloging agency | AR-UNSa-BCEJYS |
| Language of cataloging | spa |
| Transcribing agency | AR-UNSa-BCEJYS |
| 080 ## - UNIVERSAL DECIMAL CLASSIFICATION NUMBER | |
| Universal Decimal Classification number | 510 |
| Common auxiliary subdivision | Consideraciones fundamentales y generales de las matemáticas<br/> |
| 020 ## - INTERNATIONAL STANDARD BOOK NUMBER | |
| International Standard Book Number | 978-968-444-437-9 |
| 100 1# - MAIN ENTRY--PERSONAL NAME | |
| Personal name | Arya, Jagdish C. |
| 245 10 - TITLE STATEMENT | |
| Title | Matemáticas aplicadas |
| Name of part/section of a work | a la administración y a la economía |
| 250 ## - EDITION STATEMENT | |
| Edition statement | 4a. ed. |
| 264 #1 - PRODUCTION, PUBLICATION, DISTRIBUTION, MANUFACTURE, AND COPYRIGHT NOTICE | |
| Place of production, publication, distribution, manufacture | México : |
| Name of producer, publisher, distributor, manufacturer | Pearson Educación |
| Date of production, publication, distribution, manufacture, or copyright notice | 2002 |
| 300 ## - PHYSICAL DESCRIPTION | |
| Extent | xiv, 842 p. |
| Dimensions | 25 cm |
| 505 ## - FORMATTED CONTENTS NOTE | |
| Formatted contents note | 1. Repaso de álgebra - 2. Ecuaciones de una variable - 3. Desigualdades - 4. Líneas rectas - 5. Funciones y gráficas - 6. Logaritmos y exponenciales - 7. Progresiones y matemáticas financieras - 8. Algebra de matrices - 9. Inversas y determinantes - 10. Programación lineal - 11. La derivada - 12. Cálculo de derivadas - 13. Optimización y bosquejo de curvas - 14. Más sobre derivadas - 15. Integración - 16. La integral definida - 17. Funciones de varias variables |
| 590 ## - LOCAL NOTE (RLIN) | |
| Local note | niveau_biblio:m niveau_hierar:0 |
| 700 1# - ADDED ENTRY--PERSONAL NAME | |
| Personal name | Lardner, Robin W. |
| 856 41 - ELECTRONIC LOCATION AND ACCESS | |
| Uniform Resource Identifier | <a href="https://biblioeco.unsa.edu.ar/pmb/images/libros/Matem?ticas Aplicadas a la administraci?n y a la econom?a(4a ed).jpg">https://biblioeco.unsa.edu.ar/pmb/images/libros/Matem?ticas Aplicadas a la administraci?n y a la econom?a(4a ed).jpg</a> |
| Link text | Imagen de portada |
| Electronic format type | image/jpeg |
| 942 ## - ADDED ENTRY ELEMENTS (KOHA) | |
| Koha item type | |
| Withdrawn status | Lost status | Damaged status | Not for loan | Home library | Current library | Shelving location | Date acquired | Total checkouts | Full call number | Barcode | Date last seen | Price effective from | Koha item type |
|---|---|---|---|---|---|---|---|---|---|---|---|---|---|
| Biblioteca Prof. Eusebio Cleto del Rey | Biblioteca Prof. Eusebio Cleto del Rey | 07/04/2026 | 510 A797 4ed. | L86986 | 07/04/2026 | 07/04/2026 | Libro | ||||||
| Biblioteca Prof. Eusebio Cleto del Rey | Biblioteca Prof. Eusebio Cleto del Rey | 07/04/2026 | 510 A797 4ed. | L116561 | 07/04/2026 | 07/04/2026 | Libro | ||||||
| Biblioteca Prof. Eusebio Cleto del Rey | Biblioteca Prof. Eusebio Cleto del Rey | 07/04/2026 | 510 A797 4ed. | L116562 | 07/04/2026 | 07/04/2026 | Libro | ||||||
| Biblioteca Prof. Eusebio Cleto del Rey | Biblioteca Prof. Eusebio Cleto del Rey | 07/04/2026 | 510 A797 4ed. | L116564 | 07/04/2026 | 07/04/2026 | Libro | ||||||
| Biblioteca Prof. Eusebio Cleto del Rey | Biblioteca Prof. Eusebio Cleto del Rey | 07/04/2026 | 510 A797 4ed. | L116565 | 07/04/2026 | 07/04/2026 | Libro |